000 01469nam a22003017a 4500
001 9494
003 FISKH
005 20260115094454.0
008 260115b cb ||||| |||| 00| 0 eng d
020 _a9780194789226
040 _aFISKH
_beng
_cFISKH
_dFISKH
050 _aPE1126.A4 A445
082 _a428
100 _aAkinyemi , Rowena
245 _aUnder the moon /
_cBy Rowena Akinyemi
250 _aThis edition@ Oxford University Press 2008
260 _aOxford :
_bOxford University Press ,
_c2008 .
300 _a56 pages :
_billustrations ;
_c19 cm .
490 _aOxford Bookworms
_v1
505 _aK
520 _aIt is the year 2522, and the planet Earth is dying. The Artificial Ozone Layer is only 300 years old, but it is breaking up fast. Now the sun is burning down on Earth with a white fire. There is no water. Without water, nothing can live. Trees die, plants die, animals die, people die... In a colony under the moon, people wait for news - news from home, news from the planet Earth. And in a spaceship high above Earth, a young man watches numbers on a computer screen. The numbers tell a story, and the young man is afraid. The planet Earth is burning, burning, burning... - Back cover. show less
521 8 _a510
_bLexile estimate
521 8 _aK
_bRaz-Plus
650 _aListening and Read Along
_vScience fiction
700 _aBassett , Jennifer
_eSeries Editor
942 _2ddc
_cBK
_n0
999 _c9494
_d9494